Dutch Words #2 - Click the Pictures - Statistics

General Stats
  • This quiz has been taken 24 times
  • The average score is 18 of 24
Answers on the Map
Answers color-coded by a green-red scale on the quiz's map according to % correct below.
 
Answer Stats
Answer % Correct
Een citroen
100%
Een spook
100%
Een hart
94%
Een huis
94%
Een peper
89%
Een ster
89%
Een aardappel
83%
Een boot
83%
Een koffer
83%
Een hoed
78%
Een koe
78%
Een neus
78%
Een schoen
78%
Een slang
78%
Een oog
72%
Een vis
72%
Een dobbelsteen
67%
Een lat
67%
Een sleutel
67%
Druiven
61%
Een vleermuis
61%
Een vlinder
61%
Een vlieger
56%
Een bot
33%
No matching quizzes found
Score Distribution
Percent of People with Each Score
Percentile by Number Answered
Your Score History
You have not taken this quiz